[Event "SWE Cup rapid"]
[Site "Linkoping"]
[Date "2018.09.07"]
[Round "1.3"]
[White "Wahlund, Max"]
[Black "Wersten, Bjorn"]
[Result "1-0"]
[WhiteElo "2116"]
[BlackElo "1696"]
[PlyCount "47"]
[EventDate "2018.09.07"]
[EventType "team-swiss (rapid)"]
[EventRounds "9"]
[EventCountry "SWE"]
[SourceTitle "CBM 186 Extra"]
[Source "ChessBase"]
[SourceDate "2018.08.24"]
[SourceVersion "1"]
[SourceVersionDate "2018.08.24"]
[SourceQuality "1"]
[WhiteTeam "Linkoping"]
[BlackTeam "Linkoping"]
[WhiteTeamCountry "SWE"]
[BlackTeamCountry "SWE"]

1. d4 d5 2. c4 c6 3. cxd5 cxd5 4. Nc3 Nc6 5. e4 dxe4 6. d5 Nb8 7. Nxe4 Nf6 8. Nc3 g6 9. Nf3 Bg7 10. Be2 0-0 11. 0-0 b6 12. Qb3 Bb7 13. Rd1 Nbd7 14. Be3 Ng4 15. Bg5 Nc5 16. Qa3 Rc8 17. Rac1 Bxc3 18. Rxc3 Nxf2 19. Kxf2 Ne4+ 20. Kg1 Nxc3 21. bxc3 Qc7 22. Bxe7 Bxd5 23. Bxf8 Bxf3 24. Bd6 1-0

[Event "SWE Cup"]
[Site "Linkoping"]
[Date "2017.09.10"]
[Round "6.1"]
[White "Wersten, Bjorn"]
[Black "Lindberg, Bo"]
[Result "0-1"]
[WhiteElo "1607"]
[BlackElo "2391"]
[PlyCount "34"]
[EventDate "2017.09.08"]
[EventType "team-swiss"]
[EventRounds "7"]
[EventCountry "SWE"]
[SourceTitle "CBM 180 Extra"]
[Source "ChessBase"]
[SourceDate "2017.10.06"]
[SourceVersion "1"]
[SourceVersionDate "2017.10.06"]
[SourceQuality "1"]
[WhiteTeam "Linkoping"]
[BlackTeam "Viking Team"]
[WhiteTeamCountry "SWE"]
[BlackTeamCountry "SWE"]

1. d4 Nf6 2. c4 g6 3. Nc3 d5 4. cxd5 Nxd5 5. e4 Nxc3 6. bxc3 Bg7 7. Bc4 c5 8. Ne2 Nc6 9. Bb2 0-0 10. 0-0 Qc7 11. Qc2 b6 12. Rad1 Bb7 13. f4 Na5 14. Bb3 Rad8 15. d5 c4 16. Ba4 b5 17. Bxb5 Qb6+ 0-1

[Event "SWE Cup"]
[Site "Linkoping"]
[Date "2017.09.09"]
[Round "5.2"]
[White "Laine, Jacob"]
[Black "Wersten, Bjorn"]
[Result "0-1"]
[WhiteElo "1531"]
[BlackElo "1607"]
[PlyCount "76"]
[EventDate "2017.09.08"]
[EventType "team-swiss"]
[EventRounds "7"]
[EventCountry "SWE"]
[SourceTitle "CBM 180 Extra"]
[Source "ChessBase"]
[SourceDate "2017.10.06"]
[SourceVersion "1"]
[SourceVersionDate "2017.10.06"]
[SourceQuality "1"]
[WhiteTeam "Vasteras"]
[BlackTeam "Linkoping"]
[WhiteTeamCountry "SWE"]
[BlackTeamCountry "SWE"]

1. d4 d5 2. c4 c6 3. Nf3 Nf6 4. Nc3 e6 5. e3 Nbd7 6. Bd3 dxc4 7. Bxc4 b5 8. Be2 Bd6 9. 0-0 0-0 10. a3 Bb7 11. Qc2 a6 12. b4 a5 13. Rb1 axb4 14. axb4 Qe7 15. Qb3 e5 16. d5 Nxd5 17. Nxd5 cxd5 18. Bxb5 Nf6 19. Rd1 Rfc8 20. Be2 Ne4 21. Bd2 Nxd2 22. Rxd2 Qc7 23. g3 Qc3 24. Qxc3 Rxc3 25. Kg2 f6 26. Nh4 Kf7 27. Nf5 Bf8 28. Bf3 g6 29. Nh4 Ke6 30. Kf1 f5 31. Ng2 Rac8 32. Ke2 g5 33. Kd1 g4 34. Be2 d4 35. Bf1 Bf3+ 36. Re2 d3 37. Ne1 dxe2+ 38. Bxe2 Rd8+ 0-1